000
00279nam a22001217a 4500
020
_a
81-7041-924-7
082
_a
621 CHO'B
100
_a
CHOPRA, S.B
_9
67413
245
_a
BASIC FACTS ON MECHANICAL ENGINEERING
260
_a
NEWYORK
_b
ANMOL
_c
1994
300
_a
294P
942
_c
BK
999
_c
575202
_d
575202